000 00717nam a2200265Ia 4500
003 OSt
005 20221006142323.0
006 a|||||r|||| 00| 0
007 ta
008 221006b |||||||| |||| 00| 0 eng d
020 _a9780563208754
_c547.50
024 _a6,055
037 _cTextual
040 _aEASL
_cEASL
_beng
041 _2eng
_aeng
082 _aV42.N89, N0
100 _aHORSLEY William
_9647389
245 0 _aNippon new superpower
_b Japan since 1945
260 _aLondon
_bBBC Books
_c1990
300 _a278p.
_ccm.
490 _v JEL
700 _a BUCKLEY Roger
_9141892
942 _hV42.N89, N0
_cTEXL
_2CC
999 _c1074141
_d1074141